Die 100 größten Metropolregionen der Welt auf einer Karte - Statistics

General Stats
  • This quiz has been taken 41 times
  • The average score is 34 of 90
Answers on the Map
Answers color-coded by a green-red scale on the quiz's map according to % correct below.
 
Answer Stats
Rang Millionen Einwohner Kontinent Name % Correct
35 11,027 Europa Paris
94%
34 11,12 Europa London
91%
77 6,006 Europa Madrid
91%
11 20,902 Nordamerika New York
86%
21 15,477 Nordamerika Los Angeles
77%
15 17,693 Europa Moskau
77%
12 19,787 Afrika Kairo
74%
73 6,212 Nordamerika Miami
74%
30 12,486 Südamerika Rio de Janeiro
74%
22 15,311 Asien/Europa İstanbul
71%
67 6,595 Asien Dubai
66%
1 39,105 Asien Tokio
66%
40 9,274 Südamerika Bogotá
60%
18 16,216 Südamerika Buenos Aires
60%
42 9,013 Nordamerika Chicago
60%
59 7,026 Südamerika Santiago
60%
5 22,495 Südamerika São Paulo
60%
3 31,87 Asien Delhi
57%
26 14,167 Afrika Johannesburg-Pretoria
57%
43 8,992 Südamerika Lima
57%
60 6,985 Nordamerika Toronto
57%
75 6,107 Asien Bagdad
54%
8 22,118 Asien Shanghai
54%
29 13,819 Asien Teheran
54%
80 5,847 Südamerika Caracas
51%
2 35,362 Asien Jakarta
51%
20 15,487 Afrika Lagos
51%
4 23,971 Asien Manila
51%
78 5,973 Afrika Nairobi
51%
63 6,889 Asien Riad
51%
6 22,394 Asien Seoul
51%
51 7,583 Nordamerika Washington-Baltimore
51%
16 17,573 Asien Bangkok
49%
68 6,529 Nordamerika Houston
49%
79 5,901 Asien Singapur
49%
90 5,062 Asien Kabul
46%
45 8,639 Asien Kuala Lumpur
46%
9 21,505 Nordamerika Mexiko-Stadt
46%
74 6,136 Europa Ruhrgebiet (Essen-Düsseldorf)
46%
54 7,398 Asien Hongkong
43%
83 5,503 Afrika Addis Abeba
37%
7 22,186 Asien Mumbai (Bombay)
37%
81 5,697 Nordamerika Philadelphia
37%
89 5,074 Afrika Accra
34%
44 8,883 Afrika Luanda
34%
25 14,678 Asien Shenzhen
34%
38 9,729 Asien Wuhan
34%
17 16,839 Asien Dhaka
31%
13 19,437 Asien Peking (Beijing)
31%
87 5,207 Europa Sankt Petersburg
31%
85 5,434 Nordamerika Atlanta
29%
10 21,489 Asien Guangzhou
29%
55 7,375 Asien Hanoi
29%
19 15,49 Asien Kinki (Osaka-Kōbe-Kyōto)
29%
24 15,056 Afrika Kinshasa
29%
84 5,437 Nordamerika Guadalajara
26%
76 6,017 Afrika Khartum
26%
14 18,698 Asien Kolkata (Kalkutta)
26%
37 9,84 Asien Hyderabad
23%
41 9,078 Asien Taipeh
23%
27 13,999 Asien Bengaluru (Bangalore)
20%
31 11,92 Asien Chengdu
20%
53 7,461 Afrika Daressalam
20%
33 11,148 Asien Lahore
20%
58 7,09 Asien Xi’an
20%
28 13,954 Asien Ho-Chi-Minh-Stadt
17%
82 5,584 Nordamerika Monterrey
17%
49 7,729 Asien Nanjing
17%
62 6,932 Asien Bandung
14%
86 5,271 Südamerika Belo Horizonte
14%
46 8,261 Asien Chongqing
14%
65 6,713 Asien Hangzhou
14%
36 10,932 Asien Tianjin
14%
23 15,292 Asien Karatschi
11%
39 9,522 Asien Nagoya
11%
48 7,948 Asien Pune
11%
72 6,232 Asien Qingdao
11%
71 6,481 Nordamerika San Francisco-San José
11%
50 7,717 Asien Ahmedabad
9%
32 11,564 Asien Chennai (Madras)
9%
61 6,96 Nordamerika Dallas-Fort-Worth
9%
69 6,497 Asien Yangon (Rangun)
9%
52 7,479 Asien Zhengzhou
9%
47 8,142 Asien Dongguan
6%
64 6,887 Afrika Onitsha
6%
57 7,208 Asien Shenyang-Fushun
6%
70 6,494 Asien Surabaya
6%
88 5,103 Asien Suzhou
6%
66 6,662 Asien Quanzhou
3%
56 7,34 Nordamerika Boston-Providence
0%
No matching quizzes found
Score Distribution
Percent of People with Each Score
Percentile by Number Answered
Your Score History
You have not taken this quiz